<?xml version="1.0" encoding="UTF-8"?>
<record
    xmlns:xsi="http://www.w3.org/2001/XMLSchema-instance"
    xsi:schemaLocation="http://www.loc.gov/MARC21/slim http://www.loc.gov/standards/marcxml/schema/MARC21slim.xsd"
    xmlns="http://www.loc.gov/MARC21/slim">

  <leader>00980nam a2200169 a 4500</leader>
  <controlfield tag="001">000030555</controlfield>
  <controlfield tag="005">20200930062357.0</controlfield>
  <controlfield tag="008">110524s1936    dr ac         000 0 spa d</controlfield>
  <datafield tag="040" ind1=" " ind2=" ">
    <subfield code="a">DO-SdBNP</subfield>
    <subfield code="b">spa</subfield>
    <subfield code="c">BNPHU</subfield>
  </datafield>
  <datafield tag="082" ind1=" " ind2=" ">
    <subfield code="a">xxxx</subfield>
    <subfield code="b">xxxx</subfield>
  </datafield>
  <datafield tag="245" ind1="0" ind2="3">
    <subfield code="a">El centenario de M&#xE1;ximo G&#xF3;mez :</subfield>
    <subfield code="b">fraternidad dominico-cubana.</subfield>
  </datafield>
  <datafield tag="260" ind1=" " ind2=" ">
    <subfield code="a">Ciudad Trujillo, Rep&#xFA;blica Dominicana :</subfield>
    <subfield code="b">Imp. List&#xED;n Diario,</subfield>
    <subfield code="c">1936.</subfield>
  </datafield>
  <datafield tag="300" ind1=" " ind2=" ">
    <subfield code="a">25 p. :</subfield>
    <subfield code="b">il., retrs. ;</subfield>
    <subfield code="c">24 cm.</subfield>
  </datafield>
  <datafield tag="490" ind1="1" ind2=" ">
    <subfield code="a">Publicaciones de la Secretaria de estado de relaciones exteriores</subfield>
  </datafield>
  <datafield tag="500" ind1=" " ind2=" ">
    <subfield code="a">Discursos pronunciados por el excelent&#xED;simo se&#xF1;or Generalisimo Doctor Rafael L. Trujillo Molina, presidente de la Rep&#xFA;blica Dominicana Comandante Enrique Recio, senador de la Rep&#xFA;blica de Cuba y presidente de la Misi&#xF3;n Especial Cubana. Y Licenciado Victor Garrido, Secretario de Estado de Educaci&#xF3;n P&#xFA;blica y Bellas Artes de la Rep&#xFA;blica Dominicana</subfield>
  </datafield>
  <datafield tag="830" ind1=" " ind2="0">
    <subfield code="a">Publicaciones de la Secretaria de estado de relaciones exteriores</subfield>
    <subfield code="9">57169</subfield>
  </datafield>
  <datafield tag="952" ind1=" " ind2=" ">
    <subfield code="0">0</subfield>
    <subfield code="1">0</subfield>
    <subfield code="5">0</subfield>
    <subfield code="7">1</subfield>
    <subfield code="8">RV</subfield>
    <subfield code="a">PD</subfield>
    <subfield code="b">PD</subfield>
    <subfield code="c">HD</subfield>
    <subfield code="d">2011-05-24</subfield>
    <subfield code="i">LF1</subfield>
    <subfield code="l">0</subfield>
    <subfield code="o">xxxx xxxx</subfield>
    <subfield code="p">30555-10</subfield>
    <subfield code="r">2020-06-25</subfield>
    <subfield code="w">2020-06-25</subfield>
    <subfield code="y">1</subfield>
    <subfield code="Z">No se presta</subfield>
  </datafield>
  <datafield tag="999" ind1=" " ind2=" ">
    <subfield code="c">30047</subfield>
    <subfield code="d">30047</subfield>
  </datafield>
</record>
